| 000 | 01077nam a2200349 a 4500 | ||
|---|---|---|---|
| 001 | 50948 | ||
| 003 | BD-RjUL | ||
| 005 | 20211209075605.0 | ||
| 008 | 160816s1974 rura 000 0 eng | ||
| 020 | _a1.21rub | ||
| 035 | _a(OCoLC)2164683 | ||
| 035 | _a(OCoLC)ocm02164683 | ||
| 035 | _a(CStRLIN)NYCG23662824-B | ||
| 035 | _a(BD-RjUL)51068 | ||
| 035 | _a(NNC)44891 | ||
| 040 |
_dNNC _aBD-RjUL _beng _cBD-RjUL |
||
| 041 | 1 |
_aeng _hrus |
|
| 082 |
_a301.24 _223 _bBOG 1974 |
||
| 090 |
_aCB478 _b.B5813 |
||
| 100 | 1 |
_aBobrov, L. V. _q(Lev Viktorovich), _d1935- _9152481 |
|
| 245 | 1 | 0 |
_aGrounds for optimism / _cLeo Bobrov ; translated from the Russian by H. Campbell Creighton. |
| 260 |
_aMoscow : _bMir, _c1974. |
||
| 300 |
_a277 p. : _bill. ; _c17 cm. |
||
| 500 | _aTranslation of Fundament optimizma. | ||
| 500 | _aIssued with various printing dates. | ||
| 650 | 0 |
_aTechnology and civilization. _9152482 |
|
| 650 | 0 |
_aSocial history _y1945- _9152483 |
|
| 650 | 0 |
_aProgress. _9122223 |
|
| 942 |
_2ddc _cBK |
||
| 999 |
_c50948 _d50948 |
||